Прикладная оптика: учебное пособие

書誌詳細
第一著者: Агапов Н. А. Николай Афанасьевич
団体著者: Национальный исследовательский Томский политехнический университет (ТПУ)
要約:В пособии представлены основные законы геометрической оптики, векторно-матричные методы расчета хода луча через систему поверхностей с осевой симметрией, матричные методы описания свойств оптических систем в параксиальной области, ограничение пучков лучей в центрированной оптической системе, устройство и принцип работы основных типов оптических систем, элементы теории аберраций. Пособие предназначено для студентов, обучающихся по направлению 12.04.02 "Оптотехника" и других направлениям, связанным с разработкой и проектированием оптико-электронных систем.
言語:ロシア語
出版事項: Томск, Изд-во ТПУ, 2017
主題:
フォーマット: 図書
KOHA link:https://koha.lib.tpu.ru/cgi-bin/koha/opac-detail.pl?biblionumber=340983

MARC

LEADER 00000nam0a2200000 4500
001 340983
005 20231214143522.0
010 |a 9785438707912 
035 |a (RuTPU)RU\TPU\book\368164 
090 |a 340983 
100 |a 20180516d2017 m y0rusy50 ca 
101 0 |a rus 
102 |a RU 
105 |a a j 001zy 
200 1 |a Прикладная оптика  |e учебное пособие  |f Н. А. Агапов  |g Национальный исследовательский Томский политехнический университет (ТПУ) 
210 |a Томск  |c Изд-во ТПУ  |d 2017 
215 |a 286 с.  |c ил. 
320 |a Библиогр.: с. 285 
330 |a В пособии представлены основные законы геометрической оптики, векторно-матричные методы расчета хода луча через систему поверхностей с осевой симметрией, матричные методы описания свойств оптических систем в параксиальной области, ограничение пучков лучей в центрированной оптической системе, устройство и принцип работы основных типов оптических систем, элементы теории аберраций. Пособие предназначено для студентов, обучающихся по направлению 12.04.02 "Оптотехника" и других направлениям, связанным с разработкой и проектированием оптико-электронных систем. 
606 1 |a Оптика прикладная  |x Физика  |2 stltpush  |3 (RuTPU)RU\TPU\subj\47151  |9 66211 
610 1 |a геометрическая оптика 
610 1 |a матричная оптика 
610 1 |a оптические системы 
610 1 |a оптические приборы 
610 1 |a фотообъективы 
610 1 |a визуальные оптические системы 
610 1 |a хроматическая аберрация 
610 1 |a векторно-матричные методы 
610 1 |a преломление 
610 1 |a законы 
610 1 |a осевая симметрия 
610 1 |a учебные пособия 
610 1 |a труды учёных ТПУ 
675 |a 535.8(075.8)  |v 4 
700 1 |a Агапов  |b Н. А.  |c специалист в области светотехники, физик  |c профессор Томского политехнического университета, доктор технических наук  |f 1951-  |g Николай Афанасьевич  |3 (RuTPU)RU\TPU\pers\28176  |9 13134 
712 0 2 |a Национальный исследовательский Томский политехнический университет (ТПУ)  |c (2009- )  |3 (RuTPU)RU\TPU\col\15902 
801 1 |a RU  |b 63413507  |c 20180516 
801 2 |a RU  |b 63413507  |c 20180608  |g RCR 
942 |c BK